[Event "55smm A Richter/Lask-Richter/Lask2"]
[Site "?"]
[Date "2023.11.04"]
[Round "1.3"]
[White "Pardeller, Arthur"]
[Black "Pangrazzi, Marco"]
[Result "0-1"]
[WhiteElo "1516"]
[BlackElo "2154"]
[PlyCount "84"]
[EventDate "2023.11.04"]

1. d4 Nf6 2. c4 g6 3. Nc3 Bg7 4. e4 d6 5. Nf3 O-O 6. h3 c6 7. Be3 Nbd7 8. Qd2
e5 9. d5 cxd5 10. cxd5 b6 11. Bd3 Nc5 12. O-O Nxd3 13. Qxd3 Nh5 14. Qd2 f5 15.
Bg5 Qd7 16. Nh2 Ba6 17. Rfe1 Nf6 18. a4 f4 19. f3 h6 20. Bh4 g5 21. Bf2 h5 22.
b4 g4 23. fxg4 hxg4 24. hxg4 Nxg4 25. Nf3 Nxf2 26. Qxf2 Bf6 27. b5 Bc8 28. Kf1
Rf7 29. Ke2 Rg7 30. Kd3 Qg4 31. Ra2 Bd8 32. Ree2 Bd7 33. Qe1 Be8 34. Qh1 Rc8
35. Rac2 Bg6 36. Qc1 Rgc7 37. Qa3 Rc4 38. Kd2 Bxe4 39. Rxe4 Rxe4 40. Kc1 Re3
41. Kb2 e4 42. Nd4 Bf6 0-1

[Event "55smm A Richter/Lask-Richter/Lask2"]
[Site "?"]
[Date "2023.11.04"]
[Round "1.5"]
[White "Casisa, Davide"]
[Black "Unterweger, Jonas"]
[Result "0-1"]
[WhiteElo "1430"]
[BlackElo "1731"]
[PlyCount "111"]
[EventDate "2023.11.04"]

1. e4 e5 2. Nf3 Nc6 3. Bb5 a6 4. Ba4 Nf6 5. Nc3 b5 6. Bb3 Bc5 7. O-O d6 8. d3
Bg4 9. Be3 Nd4 10. Bxd4 Bxd4 11. Rb1 O-O 12. Nd5 Nxd5 13. Bxd5 Rc8 14. c3 Ba7
15. d4 exd4 16. cxd4 Bxf3 17. Qxf3 c6 18. Bb3 Bxd4 19. Rfd1 Be5 20. Qg4 Qf6 21.
Rd3 Qg6 22. Qxg6 hxg6 23. g3 g5 24. Rf1 c5 25. Bd5 c4 26. Rd2 g4 27. f4 gxf3
28. Rxf3 Rc7 29. Kg2 b4 30. Rc2 c3 31. bxc3 bxc3 32. g4 g6 33. h4 Kg7 34. g5 f6
35. gxf6+ Rxf6 36. Rxf6 Bxf6 37. Kh3 Rc8 38. Bb7 Rc4 39. Kg4 a5 40. h5 a4 41.
hxg6 Rb4 42. Bd5 Rb2 43. Rc1 Kxg6 44. Kf3 c2 45. e5 Bxe5 46. Be4+ Kf6 47. Rxc2
a3 48. Ke3 Rb4 49. Bd5 Kf5 50. Bb3 Bb2 51. Rf2+ Ke5 52. Kd2 Rxb3 53. Kc2 Rc3+
54. Kd1 Rc1+ 55. Kd2 Ra1 56. Kc2 0-1

[Event "55smm B Klausen2-Groeden2"]
[Site "?"]
[Date "2023.11.04"]
[Round "1.1"]
[White "Kasslatter, Matthias"]
[Black "Sigmund, Ingenuin"]
[Result "1-0"]
[WhiteElo "1652"]
[BlackElo "1543"]
[PlyCount "57"]
[EventDate "2023.11.04"]

1. e4 e6 2. d4 c5 3. Nf3 cxd4 4. Qxd4 Nc6 5. Qd1 Qb6 6. Bd3 Nf6 7. O-O Be7 8.
b3 Nd4 9. Bb2 Nxf3+ 10. Qxf3 O-O 11. Nc3 Qc5 12. Rfe1 Qh5 13. Qg3 Bc5 14. e5
Ng4 15. Ne4 Be7 16. Be2 Bh4 17. Qxg4 Qxg4 18. Bxg4 f5 19. exf6 gxf6 20. Nd6 f5
21. Bf3 Bf6 22. Bxf6 Rxf6 23. Bxb7 Bxb7 24. Nxb7 Rb8 25. Nd6 Rb6 26. Rad1 Ra6
27. a4 Kf8 28. Nb5 Ke7 29. Nc7 1-0

[Event "55smm B Ridnaun-Taufers"]
[Site "?"]
[Date "2023.11.04"]
[Round "1.4"]
[White "Sparber, Werner"]
[Black "Kugler, Walter"]
[Result "1-0"]
[WhiteElo "1645"]
[BlackElo "1602"]
[PlyCount "95"]
[EventDate "2023.11.04"]

1. d4 c5 2. d5 e6 3. c4 exd5 4. cxd5 d6 5. Nc3 f5 6. Nf3 Nf6 7. e3 Be7 8. Bd3
O-O 9. O-O Na6 10. a3 Nc7 11. Re1 Bd7 12. Qc2 g6 13. Rd1 b5 14. Be2 a5 15. b3
Nh5 16. Bb2 Bf6 17. h3 Qe7 18. Rab1 Rab8 19. Ne1 Ng7 20. Bf3 Bg5 21. Nd3 Nce8
22. Re1 Nf6 23. e4 fxe4 24. Nxe4 Nxe4 25. Bxe4 Qf7 26. Qc3 b4 27. Qc2 Nf5 28.
a4 Bf6 29. Rbd1 Nd4 30. Bxd4 Bxd4 31. Rf1 Rbe8 32. Nc1 Bxf2+ 33. Kh1 Qe7 34.
Bxg6 hxg6 35. Rxf2 Bf5 36. Qd2 Kg7 37. Rdf1 Qe5 38. Ne2 Be4 39. Nf4 Kg8 40. Ne6
Rxf2 41. Qxf2 Bf5 42. Nf4 Kg7 43. Qg3 Kf7 44. Rf3 Qa1+ 45. Kh2 Re1 46. Qf2 Rh1+
47. Kg3 g5 48. Nd3 1-0

[Event "55smm B Ridnaun-Taufers"]
[Site "?"]
[Date "2023.11.04"]
[Round "1.5"]
[White "Innerbichler, Robert"]
[Black "Helfer, Sieghard"]
[Result "1/2-1/2"]
[WhiteElo "1432"]
[BlackElo "1513"]
[PlyCount "76"]
[EventDate "2023.11.04"]

1. e4 g6 2. Nf3 Bg7 3. Bc4 e6 4. Nc3 d6 5. O-O Ne7 6. d3 Nd7 7. Bg5 a6 8. Qd2
h6 9. Be3 b6 10. a4 Bb7 11. Ra2 Nc6 12. d4 Ne7 13. Be2 d5 14. e5 c5 15. Bd3 Qc7
16. Re1 cxd4 17. Bxd4 Nc6 18. Ne2 Nxd4 19. Nexd4 Nxe5 20. Nxe5 Bxe5 21. Nf3 Bg7
22. c3 O-O 23. h3 e5 24. Bc2 Rae8 25. Raa1 Qd6 26. Rad1 f5 27. Bb3 Rd8 28. c4
Kh7 29. cxd5 Rf7 30. Re2 Rfd7 31. Qe1 e4 32. Nd4 Bxd4 33. Rxd4 Qe5 34. Qb4 Rd6
35. Rc2 R8d7 36. Rcd2 Rc7 37. Rc4 Rcd7 38. Rcd4 Rc7 1/2-1/2

[Event "55smm B Tramin/Kaltern2-Lana"]
[Site "?"]
[Date "2023.11.04"]
[Round "1.2"]
[White "Filosi, Gianluigi"]
[Black "Kofler, Albin Ernst"]
[Result "0-1"]
[WhiteElo "1575"]
[BlackElo "1472"]
[PlyCount "48"]
[EventDate "2023.11.04"]

1. d4 b6 2. e3 Bb7 3. Nd2 e6 4. Ngf3 Nf6 5. Bd3 d5 6. b3 c5 7. Bb2 Nbd7 8. c4
Rc8 9. O-O cxd4 10. exd4 g6 11. Rc1 Bg7 12. Ba3 Bf8 13. Bb2 Qe7 14. cxd5 Rxc1
15. Qxc1 Nxd5 16. Nc4 b5 17. Na5 Ba6 18. Ne5 Nxe5 19. dxe5 Qc5 20. Qd2 Bg7 21.
Rc1 Qb4 22. Bc3 Nxc3 23. Qxc3 Qxc3 24. Rxc3 b4 0-1

[Event "55smm B Tramin/Kaltern2-Lana"]
[Site "?"]
[Date "2023.11.04"]
[Round "1.5"]
[White "Mair, Christian Anton"]
[Black "Gutmann, Norbert"]
[Result "1/2-1/2"]
[WhiteElo "1282"]
[BlackElo "1450"]
[PlyCount "43"]
[EventDate "2023.11.04"]

1. b4 Nf6 2. Bb2 g6 3. e3 Bg7 4. Nf3 d6 5. Be2 O-O 6. O-O Nbd7 7. d4 e6 8. Nbd2
b6 9. Ne1 Bb7 10. Bf3 d5 11. c4 c5 12. bxc5 bxc5 13. Rb1 Qc7 14. Nd3 Rab8 15.
Ba3 Ba6 16. Nxc5 Nxc5 17. Bxc5 Rfd8 18. Qa4 Bxc4 19. Nxc4 dxc4 20. Qxc4 Nd7 21.
Rxb8 Rxb8 22. a4 1/2-1/2

[Event "55smm B-Liga Arci2-Arci3"]
[Site "?"]
[Date "2023.11.04"]
[Round "1.4"]
[White "Gasparro, Antonio"]
[Black "Danti, Alessandro"]
[Result "1/2-1/2"]
[WhiteElo "1480"]
[BlackElo "1545"]
[PlyCount "47"]
[EventDate "2023.11.04"]

1. d4 Nf6 2. Nf3 d6 3. Nc3 g6 4. e4 Bg7 5. Be3 Ng4 6. Bf4 O-O 7. h3 e5 8. hxg4
exf4 9. Qd2 Bxg4 10. Qxf4 Bxf3 11. gxf3 Qf6 12. Qxf6 Bxf6 13. Nd5 Nd7 14. Nxf6+
Nxf6 15. O-O-O Nh5 16. Bc4 Nf4 17. Rh4 Ne6 18. Rdh1 h5 19. Rg1 Kh7 20. c3 Kh6
21. f4 c5 22. d5 Ng7 23. Be2 Rae8 24. f3 1/2-1/2

[Event "55smm C Arci5-Lichtenberg"]
[Site "?"]
[Date "2023.11.04"]
[Round "1.2"]
[White "Egger, Jakob"]
[Black "Schoepf, Reinhold"]
[Result "1-0"]
[WhiteElo "1504"]
[BlackElo "1545"]
[PlyCount "59"]
[EventDate "2023.11.04"]

1. e4 c6 2. d4 d5 3. e5 Bf5 4. h4 h6 5. g4 Be4 6. f3 Bh7 7. e6 fxe6 8. Bd3 Bxd3
9. Qxd3 Na6 10. Nh3 Kd7 11. Nf4 Nf6 12. c4 dxc4 13. Qxc4 Nd5 14. Ng6 Rg8 15.
Ne5+ Kc8 16. Nc3 Nac7 17. Ne4 g6 18. Bd2 Bg7 19. O-O-O Rf8 20. Nxg6 Rxf3 21.
Rhf1 Ne3 22. Bxe3 Rxe3 23. Rf7 Rxe4 24. Rxg7 Nd5 25. Qd3 Re3 26. Qd2 Qd6 27.
Rg8+ Kd7 28. Rxa8 Qg3 29. Ne5+ Kd6 30. Nc4+ 1-0

[Event "55smm A Arci-Brixen/Milland"]
[Site "?"]
[Date "2023.11.18"]
[Round "2.1"]
[White "Brenninger, Daniel"]
[Black "Olivetti, Davide"]
[Result "0-1"]
[WhiteElo "2100"]
[BlackElo "2128"]
[PlyCount "76"]
[EventDate "2023.11.18"]

1. c4 Nf6 2. d4 e5 3. dxe5 Ng4 4. Nf3 Bc5 5. e3 Nc6 6. a3 a5 7. Be2 O-O 8. O-O
Re8 9. Nc3 Ngxe5 10. Ne4 Nxf3+ 11. Bxf3 Bf8 12. b3 Ne5 13. Bb2 Nxf3+ 14. Qxf3
Ra6 15. Rfd1 Rg6 16. Ng3 d6 17. Rd4 Rf6 18. Rf4 Rxf4 19. Qxf4 Bd7 20. Rd1 Re6
21. Rd5 a4 22. Rf5 Qe8 23. b4 Rg6 24. Rg5 Qe6 25. Rxg6 hxg6 26. Qd4 c5 27. bxc5
dxc5 28. Qc3 b5 29. cxb5 Bxb5 30. h3 Qd5 31. Kh2 f6 32. e4 Qd3 33. f4 Qxc3 34.
Bxc3 c4 35. Bb2 c3 36. Bxc3 Bxa3 37. f5 Bd6 38. fxg6 a3 0-1

[Event "55smm A Arci-Brixen/Milland"]
[Site "?"]
[Date "2023.11.18"]
[Round "2.2"]
[White "Perino, Alberto"]
[Black "Sader, Michael"]
[Result "1-0"]
[WhiteElo "1927"]
[BlackElo "2093"]
[PlyCount "105"]
[EventDate "2023.11.18"]

1. e4 c5 2. c3 Nf6 3. e5 Nd5 4. Nf3 a6 5. d4 cxd4 6. cxd4 e6 7. Bc4 Nb6 8. Bb3
Be7 9. O-O d6 10. Qe2 Nc6 11. Nc3 dxe5 12. dxe5 Nd7 13. Rd1 Qa5 14. Bf4 Nc5 15.
Bc2 Nb4 16. Bb1 Na4 17. Ne4 Nd5 18. Bg5 Qb5 19. Qxb5+ axb5 20. Rd2 f6 21. exf6
gxf6 22. Rxd5 exd5 23. Nxf6+ Bxf6 24. Bxf6 O-O 25. Bd4 b6 26. Bd3 Bd7 27. Ng5
Rf4 28. Bxh7+ Kf8 29. Be5 Rg4 30. f4 Re8 31. Nf3 d4 32. h3 Rg7 33. Bxg7+ Kxg7
34. Bc2 Re2 35. Nxd4 Rd2 36. Rd1 Rxd1+ 37. Bxd1 Nxb2 38. Be2 Nc4 39. Kf2 Na3
40. Bd3 Be8 41. g4 b4 42. h4 Bf7 43. Nc6 Bxa2 44. Nxb4 Bf7 45. f5 Nc4 46. Bxc4
Bxc4 47. Ke3 Bf7 48. Kf4 Kh6 49. Ke5 Bc4 50. g5+ Kh5 51. Nd5 b5 52. f6 Kg6 53.
h5+ 1-0

[Event "55smm A Arci-Brixen/Milland"]
[Site "?"]
[Date "2023.11.18"]
[Round "2.3"]
[White "Kofler, Thomas"]
[Black "Zammarchi, Massimo"]
[Result "1-0"]
[WhiteElo "1948"]
[BlackElo "1934"]
[PlyCount "60"]
[EventDate "2023.11.18"]

1. c4 f5 2. Nc3 Nf6 3. d3 g6 4. e4 d6 5. Be2 Bg7 6. h4 Nc6 7. h5 Nd4 8. h6 Bf8
9. Bg5 e6 10. Nf3 Nxf3+ 11. Bxf3 fxe4 12. Nxe4 Be7 13. Ng3 O-O 14. d4 d5 15. c5
c6 16. O-O e5 17. dxe5 Nd7 18. Bxd5+ cxd5 19. Qxd5+ Kh8 20. Be3 Nxc5 21. Qc4
Be6 22. Qe2 Qd3 23. Qe1 Rfd8 24. Qb4 b6 25. Rfd1 Qc4 26. Qa3 Rxd1+ 27. Rxd1
Qxa2 28. Bxc5 Bxc5 29. Qf3 Rf8 30. Rd8 Qb1+ 1-0

[Event "55smm A Arci-Brixen/Milland"]
[Site "?"]
[Date "2023.11.18"]
[Round "2.4"]
[White "De Vita, Gianni"]
[Black "Paulmichl, Martin"]
[Result "1/2-1/2"]
[WhiteElo "1936"]
[BlackElo "1880"]
[PlyCount "120"]
[EventDate "2023.11.18"]

1. e4 Nf6 2. e5 Nd5 3. c4 Nb6 4. c5 Nd5 5. Nc3 e6 6. Nxd5 exd5 7. d4 d6 8. cxd6
cxd6 9. Nf3 Nc6 10. Be2 dxe5 11. dxe5 Bb4+ 12. Bd2 Qa5 13. O-O Bxd2 14. Nxd2
Qb6 15. Nb3 Be6 16. Bg4 Nxe5 17. Bxe6 fxe6 18. Re1 Nf7 19. Qxd5 Nd8 20. Nd4 O-O
21. Nxe6 Qxf2+ 22. Kh1 Nxe6 23. Qxe6+ Kh8 24. Qb3 h6 25. h3 Rad8 26. Re7 Rd2
27. Qxb7 Rxb2 28. Qe4 Rd2 29. Qb7 Qg3 30. a4 Rdf2 31. Ree1 a5 32. Qe4 R8f4 33.
Qa8+ Kh7 34. Rg1 Rh4 35. Qc8 Rhf4 36. Rad1 Rf8 37. Qe6 Qf4 38. Qb3 Rb8 39. Qd3+
Kh8 40. Qd4 Qxd4 41. Rxd4 Ra2 42. Re1 Rbb2 43. Rg4 Rb4 44. Re8+ Kh7 45. Rg3
Rb1+ 46. Kh2 Raa1 47. Rg4 g5 48. Rge4 Ra2 49. R8e7+ Kg6 50. R4e6+ Kf5 51. Re5+
Kf6 52. R7e6+ Kg7 53. Rxa5 Rbb2 54. Ra7+ Kf8 55. Kg3 Rxg2+ 56. Kf3 Raf2+ 57.
Ke3 Re2+ 58. Kf3 Ref2+ 59. Ke3 Re2+ 60. Kf3 Ref2+ 1/2-1/2

[Event "55smm A Arci-Brixen/Milland"]
[Site "?"]
[Date "2023.11.18"]
[Round "2.5"]
[White "Wisthaler, Lukas"]
[Black "Niederstaetter, Harald"]
[Result "1-0"]
[WhiteElo "1860"]
[BlackElo "1869"]
[PlyCount "71"]
[EventDate "2023.11.18"]

1. e4 c6 2. c4 e5 3. Nf3 d6 4. d4 Nd7 5. Nc3 Be7 6. Be2 Ngf6 7. O-O O-O 8. h3
a6 9. Be3 b5 10. a3 Bb7 11. Qc2 Rc8 12. Rfd1 Qe8 13. Rac1 bxc4 14. Bxc4 Nxe4
15. Nxe4 d5 16. Bd3 dxe4 17. Bxe4 exd4 18. Nxd4 Nf6 19. Bxc6 Bxc6 20. Nxc6 h6
21. Qc4 Ra8 22. Nxe7+ Qxe7 23. Bc5 Qb7 24. Bxf8 Rxf8 25. b4 Re8 26. Qc6 Qa7 27.
Qc7 Qa8 28. Rd4 Nd5 29. Qc5 Nf6 30. Rcd1 Rc8 31. Qe7 Qc6 32. Rd8+ Rxd8 33.
Qxd8+ Kh7 34. Qd6 Qa4 35. Qd3+ Kg8 36. Rc1 1-0

[Event "55smm A Arci-Brixen/Milland"]
[Site "?"]
[Date "2023.11.18"]
[Round "2.6"]
[White "Pichler, Klaus"]
[Black "De Bettin, Sergio"]
[Result "1/2-1/2"]
[WhiteElo "1767"]
[BlackElo "1723"]
[PlyCount "53"]
[EventDate "2023.11.18"]

1. b3 Nf6 2. Bb2 e5 3. Bxe5 d6 4. Bb2 Be7 5. Nc3 O-O 6. e4 Nc6 7. d4 Re8 8. Bb5
Bd7 9. Nge2 a6 10. Bxc6 Bxc6 11. d5 Bd7 12. f3 Nh5 13. Qd2 Bg5 14. f4 Bh6 15.
O-O-O f5 16. exf5 Bxf5 17. g3 Nf6 18. Nd4 Bh3 19. Rhe1 Qd7 20. Rxe8+ Rxe8 21.
Re1 Rxe1+ 22. Qxe1 Qf7 23. Qe2 g5 24. fxg5 Bxg5+ 25. Kb1 Nxd5 26. Nxd5 Qxd5 27.
Nf3 1/2-1/2

[Event "55smm A Groeden-Deutschnofen"]
[Site "?"]
[Date "2023.11.18"]
[Round "2.1"]
[White "Zamengo, Fulvio"]
[Black "Moroder, Stephan"]
[Result "1-0"]
[WhiteElo "2345"]
[BlackElo "2155"]
[PlyCount "113"]
[EventDate "2023.11.18"]

1. e4 c5 2. Nf3 e6 3. d4 cxd4 4. Nxd4 Nf6 5. Nc3 Nc6 6. Ndb5 Bb4 7. a3 Bxc3+ 8.
Nxc3 d5 9. exd5 exd5 10. Bd3 Bg4 11. f3 Be6 12. O-O O-O 13. Re1 h6 14. Qd2 Re8
15. Qf2 d4 16. Ne2 Qd7 17. Qg3 Bf5 18. Bxh6 Nh5 19. Qh4 Bxd3 20. cxd3 Qf5 21.
Ng3 Nxg3 22. Qxg3 g6 23. Re4 Re5 24. Rae1 Rae8 25. Bg5 Kg7 26. Qh4 R8e6 27. Bc1
a5 28. Rxe5 Rxe5 29. Rxe5 Qxe5 30. Bh6+ Kg8 31. Bg5 f6 32. Bxf6 Qe3+ 33. Kf1
Qxd3+ 34. Kf2 Qe3+ 35. Kg3 Qe1+ 36. Kh3 Qxh4+ 37. Kxh4 d3 38. Bc3 Ne5 39. Kg3
Nc4 40. Kf2 a4 41. f4 Kf7 42. g4 Ke6 43. h3 Kd5 44. f5 g5 45. Bf6 b5 46. Bxg5
Nxb2 47. Bd2 Nc4 48. Bb4 Ke4 49. f6 Ne5 50. Ke1 Kd5 51. Kd2 Ke6 52. Bc3 Nc4+
53. Kxd3 Nxa3 54. g5 Kf7 55. h4 Nc4 56. h5 Nd6 57. g6+ 1-0

[Event "55smm A Groeden-Deutschnofen"]
[Site "?"]
[Date "2023.11.18"]
[Round "2.2"]
[White "Casadio, Niccolo"]
[Black "Dappiano, Andrea"]
[Result "1/2-1/2"]
[WhiteElo "2107"]
[BlackElo "2274"]
[PlyCount "112"]
[EventDate "2023.11.18"]

1. e4 e6 2. d4 d5 3. Nc3 Nf6 4. Bg5 Be7 5. e5 Nfd7 6. h4 a6 7. Qg4 Bxg5 8. hxg5
c5 9. dxc5 Nc6 10. Nf3 Nxc5 11. g6 h6 12. gxf7+ Kxf7 13. b4 Nd7 14. Qf4+ Kg8
15. Rh5 Qf8 16. Qg4 Nxb4 17. Qxe6+ Qf7 18. Qxf7+ Kxf7 19. O-O-O Nb6 20. Rh4 Nc6
21. Nxd5 Nxd5 22. Rxd5 Be6 23. Rf4+ Ke7 24. Rd6 Rhf8 25. Rxf8 Rxf8 26. Rd2 g5
27. Bd3 Bd5 28. Be2 Be6 29. Bd3 Bd5 30. Be2 Be4 31. Rd6 g4 32. Nd2 Bxg2 33.
Bxg4 Rxf2 34. Rxh6 Bd5 35. e6 Rg2 36. Rh7+ Kf8 37. Bf5 Ne7 38. Be4 Rxd2 39.
Kxd2 Bxe4 40. Rf7+ Ke8 41. c4 b5 42. cxb5 axb5 43. a4 bxa4 44. Rxe7+ Kxe7 45.
Kc3 Bg6 46. Kb4 Be8 47. Ka3 Kd6 48. Kb2 Kc5 49. e7 Kb4 50. Ka2 Kc3 51. Ka1 a3
52. Ka2 Kb4 53. Ka1 Kb3 54. Kb1 Bg6+ 55. Ka1 a2 56. e8=Q Bxe8 1/2-1/2

[Event "55smm A Groeden-Deutschnofen"]
[Site "?"]
[Date "2023.11.18"]
[Round "2.3"]
[White "Gennari, Jacopo"]
[Black "Demetz, Rainer"]
[Result "1/2-1/2"]
[WhiteElo "2116"]
[BlackElo "2201"]
[PlyCount "68"]
[EventDate "2023.11.18"]

1. d4 Nf6 2. c4 e6 3. Nf3 Bb4+ 4. Bd2 Qe7 5. g3 Bxd2+ 6. Nbxd2 d6 7. Bg2 e5 8.
e3 O-O 9. O-O h6 10. Kh1 a5 11. b3 Nc6 12. a3 Bf5 13. d5 Nb8 14. Qe2 e4 15. Nd4
Bh7 16. f4 exf3 17. N2xf3 Nbd7 18. Nh4 g6 19. Rf2 Rae8 20. Nb5 Qxe3 21. Qxe3
Rxe3 22. Nxc7 Rxb3 23. Nb5 Ne8 24. Re1 Ne5 25. Bf1 f6 26. Kg2 Rf7 27. Nf3 g5
28. Nfd4 Rb1 29. Rxb1 Bxb1 30. Be2 Re7 31. Nf5 Bxf5 32. Rxf5 Nf7 33. Kf2 Ne5
34. Kg2 Nf7 1/2-1/2

[Event "55smm A Groeden-Deutschnofen"]
[Site "?"]
[Date "2023.11.18"]
[Round "2.4"]
[White "Bernardi, Ruben"]
[Black "Lain, Luigi"]
[Result "1-0"]
[WhiteElo "2042"]
[BlackElo "2243"]
[PlyCount "93"]
[EventDate "2023.11.18"]

1. e4 e5 2. Nf3 Nc6 3. d4 exd4 4. Nxd4 Bc5 5. Nb3 Bb6 6. Nc3 Qf6 7. Qe2 Nge7 8.
Be3 O-O 9. O-O-O d6 10. Kb1 Qg6 11. Nb5 Qxe4 12. Bxb6 Qxe2 13. Bxe2 cxb6 14.
Nxd6 Rd8 15. f4 Nf5 16. Nxc8 Raxc8 17. Bg4 Nce7 18. c3 Rb8 19. Bf3 Nc6 20. Rhe1
Kf8 21. g4 Nd6 22. Nd4 Nxd4 23. Rxd4 f5 24. Red1 fxg4 25. Bxg4 Nf7 26. Rd7 Re8
27. Rc7 Re4 28. Rdd7 Rxf4 29. Be6 Ng5 30. Bd5 Rf1+ 31. Kc2 Rf2+ 32. Kb3 Rd2 33.
h4 Rxd5 34. Rxd5 Ne6 35. Rf5+ Kg8 36. Re7 g6 37. Rff7 h6 38. Rf6 Nc5+ 39. Ka3
g5 40. Rg6+ Kf8 41. Rh7 gxh4 42. Rgg7 Re8 43. Rc7 Kg8 44. Rxh6 Re4 45. b3 Re3
46. Rxh4 Rxc3 47. Rd4 1-0

[Event "55smm A Groeden-Deutschnofen"]
[Site "?"]
[Date "2023.11.18"]
[Round "2.5"]
[White "Thurner, Markus"]
[Black "Moroder, Thomas"]
[Result "1-0"]
[WhiteElo "1918"]
[BlackElo "2012"]
[PlyCount "141"]
[EventDate "2023.11.18"]

1. e4 c5 2. Nf3 d6 3. Bb5+ Nd7 4. O-O a6 5. Bxd7+ Bxd7 6. d4 cxd4 7. Nxd4 Nf6
8. Nc3 g6 9. Re1 Bg7 10. h3 O-O 11. Bg5 Rc8 12. Qd2 Re8 13. Rad1 b5 14. a3 Rc4
15. e5 dxe5 16. Nf3 Rc7 17. Nxe5 Qc8 18. Bxf6 exf6 19. Nxd7 Rxe1+ 20. Rxe1 Rxd7
21. Nd5 Qd8 22. Rd1 Kh8 23. Qd3 f5 24. c3 Be5 25. Kf1 Kg7 26. Qf3 Qa8 27. Rd3
Qc6 28. Qd1 Qc4 29. Kg1 a5 30. Nb4 Re7 31. Nd5 Re6 32. Ne3 Qf4 33. Nf1 b4 34.
axb4 axb4 35. cxb4 Qxb4 36. b3 Ra6 37. Qe2 Ra5 38. g3 Bc3 39. Qf3 Rc5 40. Ne3
Qxb3 41. Nd1 Re5 42. Nxc3 Re1+ 43. Kg2 Qb2 44. Rd1 Re5 45. Nd5 Qc2 46. Qd3 Qc6
47. Kh2 f6 48. Nf4 Kh6 49. Ng2 Qb6 50. Rd2 Re6 51. h4 Qb4 52. Re2 Rd6 53. Qe3+
g5 54. Qe7 Qd4 55. Qf8+ Kh5 56. f3 Rd7 57. Re7 Rxe7 58. Qxe7 Kg6 59. Qe8+ Kh6
60. Qf8+ Kg6 61. Qe8+ Kg7 62. Qe6 Qd3 63. f4 h6 64. Qe7+ Kg6 65. Qe8+ Kg7 66.
h5 Qf3 67. Qg6+ Kf8 68. Qxf6+ Ke8 69. Qe6+ Kd8 70. Qxh6 gxf4 71. gxf4 1-0

[Event "55smm A Groeden-Deutschnofen"]
[Site "?"]
[Date "2023.11.18"]
[Round "2.6"]
[White "Grossi, Christian"]
[Black "Tonina, Filippo"]
[Result "1-0"]
[WhiteElo "1905"]
[BlackElo "1946"]
[PlyCount "115"]
[EventDate "2023.11.18"]

1. d4 d6 2. Nf3 Bg4 3. g3 Bxf3 4. exf3 e6 5. Bg2 Ne7 6. c4 c6 7. Nc3 Nf5 8. d5
Be7 9. O-O O-O 10. Re1 cxd5 11. cxd5 e5 12. Bh3 Nd4 13. Be3 Nd7 14. Bxd7 Qxd7
15. Bxd4 exd4 16. Qxd4 Bf6 17. Qb4 a5 18. Qa3 b5 19. Ne4 Be5 20. f4 b4 21. Qd3
Bxb2 22. Rab1 Bf6 23. Nxf6+ gxf6 24. Qd4 Kg7 25. Rb3 Rfe8 26. Rd1 Re2 27. a3
bxa3 28. Rxa3 Qf5 29. Rda1 Rae8 30. Kg2 Qc2 31. R3a2 Qxa2 32. Rxa2 Rxa2 33. Qb6
Ree2 34. Kf3 f5 35. Qxd6 Rxf2+ 36. Ke3 Rae2+ 37. Kd4 a4 38. Qa3 Rxh2 39. Kc5
Rc2+ 40. Kd6 Rc4 41. Qa1+ Kg6 42. Qh8 Rh6 43. Qg8+ Kh5+ 44. Ke5 Rg6 45. Qxf7
Kh6 46. Qf8+ Rg7 47. d6 Rb4 48. d7 Rb5+ 49. Kd4 Rb1 50. d8=Q Rd1+ 51. Ke5 Rxd8
52. Qxd8 Rg6 53. Kxf5 Kg7 54. g4 a3 55. Qe7+ Kg8 56. Qxa3 Kg7 57. Qe7+ Kg8 58.
g5 1-0

[Event "55smm A Richter/Lask2-Klausen"]
[Site "?"]
[Date "2023.11.18"]
[Round "2.1"]
[White "Schacher, Gerd"]
[Black "Pangrazzi, Marco"]
[Result "1-0"]
[WhiteElo "2253"]
[BlackElo "2154"]
[PlyCount "73"]
[EventDate "2023.11.18"]

1. Nf3 g6 2. c4 Bg7 3. g3 Nf6 4. Bg2 O-O 5. O-O d6 6. Nc3 c6 7. a3 Nbd7 8. d3
e5 9. Rb1 Qe7 10. Nd2 Nb6 11. b4 d5 12. c5 d4 13. Nce4 Nbd5 14. Bb2 Nxe4 15.
Nxe4 f5 16. Nd6 Be6 17. Qd2 b6 18. Ba1 a5 19. bxa5 Rxa5 20. cxb6 Rxa3 21. Nc4
Ra6 22. e4 dxe3 23. fxe3 Qc5 24. Rfc1 Bh6 25. d4 Qe7 26. dxe5 Rd8 27. Qe2 Rb8
28. Kh1 Nxb6 29. Bd4 c5 30. Nxb6 Raxb6 31. Rxb6 Rxb6 32. Bxc5 Qc7 33. Qd2 Rb3
34. Bd5 Bxd5+ 35. Qxd5+ Qf7 36. e6 Qb7 37. Rd1 1-0

[Event "55smm A Richter/Lask2-Klausen"]
[Site "?"]
[Date "2023.11.18"]
[Round "2.2"]
[White "Kowalczyk, Martin"]
[Black "Seebacher, Michael"]
[Result "0-1"]
[WhiteElo "1753"]
[BlackElo "2087"]
[PlyCount "73"]
[EventDate "2023.11.18"]

1. e4 c6 2. d4 d5 3. Nc3 dxe4 4. Nxe4 Nf6 5. Nxf6+ exf6 6. Nf3 Bd6 7. Bd3 O-O
8. O-O Bg4 9. c3 Qc7 10. h3 Bh5 11. Qc2 Bxf3 12. gxf3 g6 13. h4 Qa5 14. Kg2 Qh5
15. Rh1 Nd7 16. b4 Nb6 17. Be2 Rfe8 18. Be3 Nd5 19. f4 Nxf4+ 20. Bxf4 Rxe2 21.
Qxe2 Qxe2 22. Bxd6 Re8 23. a4 Qe4+ 24. Kg3 Qd3+ 25. f3 Qxc3 26. Rad1 Re3 27.
Rhf1 h5 28. a5 Qb3 29. Rde1 g5 30. hxg5 fxg5 31. Bc5 f5 32. d5 h4+ 33. Kg2 Rxe1
34. Rxe1 Qc2+ 35. Kg1 h3 36. Bf2 cxd5 37. a6 0-1

[Event "55smm A Richter/Lask2-Klausen"]
[Site "?"]
[Date "2023.11.18"]
[Round "2.3"]
[White "Bodrov, Timofey"]
[Black "Unterweger, Jonas"]
[Result "1/2-1/2"]
[WhiteElo "2111"]
[BlackElo "1731"]
[PlyCount "124"]
[EventDate "2023.11.18"]

1. e4 e5 2. Nf3 Nc6 3. Nc3 Nf6 4. a3 d5 5. exd5 Nxd5 6. Bb5 Nxc3 7. bxc3 Bd6 8.
d4 exd4 9. cxd4 O-O 10. O-O Bg4 11. Be3 Qf6 12. h3 Bxf3 13. Qxf3 Qxf3 14. gxf3
Ne7 15. a4 Nd5 16. Bc4 Nf4 17. h4 h5 18. Rab1 Rab8 19. Rb5 g6 20. a5 b6 21.
Rfb1 c6 22. R5b2 b5 23. Bf1 a6 24. c4 Rbd8 25. d5 cxd5 26. cxb5 axb5 27. Bxb5
Ne6 28. a6 d4 29. Bh6 Ng7 30. Bc6 Bc5 31. Rb5 Ba7 32. Rb7 Rd6 33. Bb5 Ra8 34.
Bg5 Ne6 35. Rc1 d3 36. Bc4 Bd4 37. Rd1 Raxa6 38. Bxa6 Rxa6 39. Rxd3 Ra1+ 40.
Kg2 Ra2 41. Rxd4 Nxd4 42. Bf6 Ne6 43. Rb8+ Nf8 44. Be7 Kg7 45. Bxf8+ Kh7 46.
Bd6 Ra5 47. Bb4 Rf5 48. Bc3 f6 49. Rb7+ Kg8 50. Rb8+ Kf7 51. Kg3 g5 52. Rb7+
Kg6 53. Bd2 gxh4+ 54. Kxh4 Rxf3 55. Be3 Rf5 56. Rc7 Rb5 57. Rc5 Rb4+ 58. f4 Re4
59. Bc1 Rb4 60. Rxh5 Rc4 61. Be3 Re4 62. Bc1 Rc4 1/2-1/2

[Event "55smm A Richter/Lask2-Klausen"]
[Site "?"]
[Date "2023.11.18"]
[Round "2.4"]
[White "Di Lazzaro, Gabriele"]
[Black "Seebacher, Reinhard"]
[Result "0-1"]
[WhiteElo "1814"]
[BlackElo "1931"]
[PlyCount "83"]
[EventDate "2023.11.18"]

1. e4 c6 2. Nc3 d5 3. d4 dxe4 4. Nxe4 Nf6 5. Nxf6+ exf6 6. Nf3 Bd6 7. Be2 Bg4
8. h3 Bh5 9. c3 O-O 10. Be3 Re8 11. O-O Nd7 12. Qd2 Nf8 13. Nh4 Bxe2 14. Qxe2
g6 15. Qd2 Ne6 16. f4 Ng7 17. Rae1 Qc7 18. c4 Rad8 19. a3 Nh5 20. Qf2 Nxf4 21.
c5 Nxh3+ 22. gxh3 Bg3 23. Qf3 Bxh4 24. Re2 Qg3+ 25. Qxg3 Bxg3 26. Rxf6 Bh4 27.
Rf3 Rxd4 28. Bxd4 Rxe2 29. Kf1 Re1+ 30. Kg2 f5 31. Bc3 Rd1 32. Rf4 Bg5 33. Rb4
Rd7 34. Ra4 a6 35. Be5 Be7 36. Rc4 Rd5 37. Bd4 Kf7 38. Kf3 Ke6 39. Be3 g5 40.
Rb4 Rd3 41. Ke2 Rxe3+ 42. Kxe3 0-1

[Event "55smm A Richter/Lask2-Klausen"]
[Site "?"]
[Date "2023.11.18"]
[Round "2.5"]
[White "Schrott, Johann"]
[Black "Mumelter, Erwin"]
[Result "1-0"]
[WhiteElo "1763"]
[BlackElo "1689"]
[PlyCount "64"]
[EventDate "2023.11.18"]

1. e4 c5 2. Nf3 Nc6 3. d4 cxd4 4. Nxd4 g6 5. Be3 Bg7 6. c3 d6 7. Be2 Nf6 8. Nd2
Bd7 9. O-O O-O 10. Kh1 Ne5 11. f4 Neg4 12. Bg1 e5 13. fxe5 dxe5 14. N4f3 Qc7
15. h3 Nh6 16. Be3 Nh5 17. Qe1 Nf4 18. Bc4 Be6 19. Bxe6 fxe6 20. Qh4 Qd8 21.
Qxd8 Raxd8 22. Bxa7 Nf7 23. Bc5 Rfe8 24. Be3 Rd3 25. Rae1 Red8 26. Nb3 Bf8 27.
Bc5 Bg7 28. Bf2 Nxh3 29. Bb6 R8d6 30. Bc5 Nf4 31. Bxd6 Nxd6 32. Nc5 Nc4 1-0